| 000 | 00938cam a22003011a 4500 | ||
|---|---|---|---|
| 001 | sa 68020328 | ||
| 003 | DLC | ||
| 005 | 20260227112723.0 | ||
| 008 | 850205s1961 ii a 000 0 tibo | ||
| 010 | _asa 68020328 | ||
| 020 | _cRe0.80 | ||
| 025 | _aPL480:I-Tib-79 | ||
| 035 | _a(OCoLC)11660147 | ||
| 040 |
_aDLC _cInU _dDLC |
||
| 041 | 1 |
_atib _hsan |
|
| 042 | _apremarc | ||
| 043 | _aa-cc-ti | ||
| 050 | 0 | 0 |
_aBQ3183 _b.T5 1961 |
| 100 | 0 |
_aŚāntarakṣita, _d705-762. |
|
| 240 | 1 | 0 |
_aMadhyamakālaṅkāra. _lTibetan |
| 245 | 1 | 0 |
_aDbu ma rgyan gyi tshig leʼur byas pa bźugs so / _c[Slob-dpon Źi-ba-ʼtsho ... mdzad] |
| 260 |
_a[Ka-sbug : _bPhun-gliṅ-gsuṅ-rab-ñams-gso-rgyun-spel-par-khaṅ, _c1961] |
||
| 300 |
_a8 [i.e. 16] p. : _bill. ; _c9 x 37 cm. |
||
| 500 | _aIn Tibetan. | ||
| 500 | _aPrinted from blocks kept at Ka-sbug. | ||
| 650 | 0 | _aMadhyamaka-Yogācāra Buddhism. | |
| 650 | 0 |
_aTibetan language _xTexts. |
|
| 999 |
_c89361 _d89361 |
||